00916nam a22002057a 450000500170000000800410001702000150005805000280007310000180010124501800011925000120029926000530031130000280036444000300039250001280042250400420055065000560059270000350064870000270068320150124125221.0131007t mx ||||| |||| 00| 0 spa d a968167682304aLB1029 .P67 bB78 2006 1 aBrunner, Ilse13aEl Desarrollo de las inteligencias en la infancia : bejemplos prácticos para una enseñanza exitosa /cIlse Brunner y Erika Rottensteiner ; traducción de Brigitte Prues. a1a. ed. aMéxico : bFondo de Cultura Económica,c2006 a330 p. :bil. ;c21 cm. 0aEducación y Pedagogía atraducción de : Auf in die schillernd bunte welt der begabungen eine entdckungreise ins reich der multiplen intellgenzen. aBibliografía: p. 313-319 e índice 72LEMBaMediciones y pruebas educativasxEnseñanza 1 aRottensteiner, Erika, ecoaut.1 aPrues, Brigitte, etr.